|
|
|
|
| LEADER |
00000cam a22000002c 4500 |
| 001 |
638590809 |
| 003 |
DE-627 |
| 005 |
20251223224136.0 |
| 007 |
tu |
| 008 |
101106s2009 ru ||||| 00| ||rus c |
| 020 |
|
|
|a 9785706202705
|9 978-5-7062-0270-5
|
| 035 |
|
|
|a (DE-627)638590809
|
| 035 |
|
|
|a (DE-576)9638590807
|
| 035 |
|
|
|a (DE-599)BVBBV036724462
|
| 035 |
|
|
|a (DE-604)BV036724462
|
| 040 |
|
|
|a DE-627
|b ger
|c DE-627
|e rakwb
|
| 041 |
|
|
|a rus
|
| 044 |
|
|
|c XA-RU
|
| 082 |
0 |
|
|a 070
|q DE-604
|2 22/ger
|
| 082 |
0 |
|
|a 200
|q DE-604
|2 22/ger
|
| 082 |
0 |
|
|a 070.9
|q DE-604
|2 22/ger
|
| 082 |
0 |
|
|a 200.9
|q DE-604
|2 22/ger
|
| 084 |
|
|
|a 7,41
|2 ssgn
|
| 084 |
|
|
|a 1
|2 ssgn
|
| 245 |
0 |
0 |
|a Golos Pravoslavija
|b k tridcatiletiju so dnja osnovanija (1979 - 2009)
|
| 264 |
|
1 |
|a Sankt-Peterburg
|b Radio "Grad Petrov"
|c 2009
|
| 300 |
|
|
|a 349 S.
|b Ill
|
| 336 |
|
|
|a Text
|b txt
|2 rdacontent
|
| 337 |
|
|
|a ohne Hilfsmittel zu benutzen
|b n
|2 rdamedia
|
| 338 |
|
|
|a Band
|b nc
|2 rdacarrier
|
| 500 |
|
|
|a PT: Voix de l'Orthodoxie
|
| 500 |
|
|
|a In kyrill. Schr., russ
|
| 546 |
|
|
|a In kyrill. Schr., russ.
|
| 689 |
0 |
0 |
|d b
|0 (DE-588)7757651-2
|0 (DE-627)701516127
|0 (DE-576)349938822
|2 gnd
|a Golos Pravoslavija
|
| 689 |
0 |
1 |
|q z
|2 gnd
|a Geschichte 1979-2009
|
| 689 |
0 |
|
|5 DE-101
|
| 889 |
|
|
|w (DE-627)719896541
|
| 935 |
|
|
|a mteo
|
| 951 |
|
|
|a BO
|
| ELC |
|
|
|b 1
|
| LOK |
|
|
|0 000 xxxxxcx a22 zn 4500
|
| LOK |
|
|
|0 001 3722952212
|
| LOK |
|
|
|0 003 DE-627
|
| LOK |
|
|
|0 004 638590809
|
| LOK |
|
|
|0 005 20200710090048
|
| LOK |
|
|
|0 008 200710||||||||||||||||ger|||||||
|
| LOK |
|
|
|0 035
|a (DE-Tue135)BVBBV036724462
|
| LOK |
|
|
|0 040
|a DE-Tue135
|c DE-627
|d DE-Tue135
|
| LOK |
|
|
|0 092
|o n
|
| LOK |
|
|
|0 852
|a DE-Tue135
|
| LOK |
|
|
|0 852 1
|9 00
|
| LOK |
|
|
|0 935
|a bsbo
|
| LOK |
|
|
|0 939
|a 10-07-20
|b l01
|
| ORI |
|
|
|a SA-MARC-ixtheoa001.raw
|
| REL |
|
|
|a 1
|
| SUB |
|
|
|a REL
|
| SYG |
0 |
0 |
|a Voix de L'Orthodoxie
|
| TIM |
|
|
|a 100019790101_100020091231
|b Geschichte 1979-2009
|